000 00199nmm a2200085Ia 4500
008 220120s9999||||xx |||||||||||||||||und||
100 _aDouglaus, Perry V.
_910766
245 0 _aVHDL
260 _bNew Delhi
999 _c138894
_d138894